La vuelta al mundo, de un novelista : Estados Unidos, Cuba, Panamá, Hawai, Japón, Corea, Manchuria /
Guardat en:
| Autor principal: | |
|---|---|
| Format: | Llibre |
| Idioma: | espanyol |
| Publicat: |
Valencia, España :
Prometeo,
1924, c1924
|
| Matèries: | |
| Etiquetes: |
Sense etiquetes, Sigues el primer a etiquetar aquest registre!
|
MARC
| LEADER | 00000nam^a2200000^a^4500 | ||
|---|---|---|---|
| 001 | 000358703 | ||
| 005 | 20250526000000.0 | ||
| 009 | 20260310115335.188 | ||
| 037 | |a Acervo ITESO - Biblioteca | ||
| 041 | |a ESP | ||
| 082 | |a 863. |b BLA V. 1 | ||
| 100 | |a Blasco Ibáñez, Vicente |e (autor) | ||
| 240 | 1 | 4 | |a [La vuelta al mundo de un novelista] |
| 245 | 1 | 3 | |a La vuelta al mundo, de un novelista : |b Estados Unidos, Cuba, Panamá, Hawai, Japón, Corea, Manchuria / |c V. Blasco Ibáñez. |
| 264 | 4 | |a Valencia, España : |b Prometeo, |c 1924, c1924 | |
| 300 | |a 345 p. ; |c 19.0 cm. | ||
| 336 | |a texto |b txt |2 rdacontenido | ||
| 337 | |a sin mediación |b n |2 rdamedio | ||
| 338 | |a volumen |b nc |2 rdasoporte | ||
| 545 | 0 | |a Vicente Blasco Ibáñez (1867-1928), novelista español nacido en Valencia. En su juventud se adhirió al movimiento republicano y fundó el diario antimonárquico El Pueblo. Fue arrestado por sus actividades políticas en 1896 y condenado a dos años de trabajos forzados. Posteriormente se desempeñó como diputado del Partido Republicano en el Parlamento español de 1898 a 1907. Sus novelas, que contienen descripciones vivas y realistas de la vida en su Valencia natal, adquirieron más fama fuera de España que en su propio país. Entre estas tenemos: La barraca (1898), novela de denuncia de la injusticia social en la Valencia campesina; Cañas y barro (1902); La Catedral (1903); Sangre y arena (1908) y Los cuatro jinetes del Apocalipsis (1916), su obra más famosa en la que aborda diversos temas filosóficos y culturales y que ha inspirado varias películas. | |
| 649 | |a XX | ||
| 650 | |a Escritores Españoles - |x Memorias | ||
| 650 | |a Libros de Viajes Españoles | ||
| 650 | |a Literatura Española - |y Siglo XX | ||
| 650 | |a Realismo en la Literatura - |z España | ||
| 650 | |a EUA en la Literatura | ||
| 650 | |a Cuba en la Literatura | ||
| 650 | |a Panamá en la Literatura | ||
| 650 | |a Japón en la Literatura | ||
| 650 | |a Corea en la Literatura | ||
| 910 | |a Fondo General | ||
| 920 | |a Impresos - Libros | ||
| 930 | |a Libros Antiguos y Raros | ||
| 905 | |a 108 | ||
| 901 | |a 0500251659 |b IT2 |c LRA |u 20250526 | ||
| 902 | |a https://opac.biblio.iteso.mx/vufind/Record/000358703 | ||